Ảnh hưởng xâm nhập mặn đến hiệu quả các hệ thống canh tác tại huyện Thạnh Phú, tỉnh Bến Tre (Luận văn tốt nghiệp cao học. Chuyên ngành Hệ thống Nông nghiệp)

Đề tài nghiên cứu những ảnh hưởng của xâm nhập mặn đến sản xuất nông nghiệp và đời sống của người dân huyện Thạnh Phú, tỉnh Bến Tre

Bewaard in:
Bibliografische gegevens
Hoofdauteur: Phạm, Thanh Toàn
Formaat: Boek
Taal:Undetermined
Gepubliceerd in: Cần Thơ Trường Đại học Cần Thơ 2014
Onderwerpen:
Tags: Voeg label toe
Geen labels, Wees de eerste die dit record labelt!
Thư viện lưu trữ: Trung tâm Học liệu Trường Đại học Cần Thơ
LEADER 01117nam a2200217Ia 4500
001 CTU_199050
008 210402s9999 xx 000 0 und d
082 |a 338.162 
082 |b T406 
088 |a 606220 
100 |a Phạm, Thanh Toàn 
245 0 |a Ảnh hưởng xâm nhập mặn đến hiệu quả các hệ thống canh tác tại huyện Thạnh Phú, tỉnh Bến Tre 
245 0 |b (Luận văn tốt nghiệp cao học. Chuyên ngành Hệ thống Nông nghiệp) 
245 0 |c Phạm Thanh Toàn; Nguyễn Duy Cần (cán bộ hướng dẫn) 
260 |a Cần Thơ 
260 |b Trường Đại học Cần Thơ 
260 |c 2014 
520 |a Đề tài nghiên cứu những ảnh hưởng của xâm nhập mặn đến sản xuất nông nghiệp và đời sống của người dân huyện Thạnh Phú, tỉnh Bến Tre 
650 |a Hệ thống canh tác,Farming systems 
904 |i Nguyên (Võ Thị Thanh Lan) 
980 |a Trung tâm Học liệu Trường Đại học Cần Thơ